L'impressionnisme
Αποθηκεύτηκε σε:
| Κύριος συγγραφέας: | |
|---|---|
| Άλλοι συγγραφείς: | , |
| Μορφή: | Βιβλίο |
| Γλώσσα: | French |
| Δημοσίευση: |
Paris :
Fernand Hazan,
c1977.
|
| Θέματα: | |
| Ετικέτες: |
Προσθήκη ετικέτας
Δεν υπάρχουν, Καταχωρήστε ετικέτα πρώτοι!
|
MARC
| LEADER | 00000cam a2200000 a 4500 | ||
|---|---|---|---|
| 001 | 1/123308 | ||
| 008 | 210702s1977####fr | ||| |||| ||fre|| | ||
| 020 | |a 2850250457 | ||
| 040 | |a GR-MyUa |b gre |c GR-MyUa |e AACR2 | ||
| 041 | 0 | |a fre | |
| 082 | 7 | |a 759.054 |2 (23) | |
| 100 | 1 | |a Hoog, Michel. | |
| 245 | 1 | 2 | |a L'impressionnisme / |c Michel Hoog, Anne Distel, Sylvie Gache ; introduction de Hélène Adhémar. |
| 260 | |a Paris : |b Fernand Hazan, |c c1977. | ||
| 300 | |a 88 σ. : |b εικ. ; |c 31 εκ. | ||
| 650 | 0 | |a Impressionism (Art) | |
| 650 | 0 | |a Painting, French |y 19th century. | |
| 700 | 1 | |a Distel, Anne. | |
| 700 | 1 | |a Patin, Sylvie, |d 1951- | |
| 852 | |a INST |b SYROS |e 20210622 |h 759.054 HOO |p 005500014158 |q 005500014158 |t BK |y 0 | ||
| 970 | |a Κοντού |b Παρασκευή |z 02/07/2021 | ||